000
00269nam a22001217a 4500
999
_c
4142
_d
4142
003
4500
008
230208b ||||| |||| 00| 0 eng d
020
_a
9781682854129
245
_a
Computer Science
_c
Halt Tom
260
_a
USA
_c
2018
300
_a
4cm
942
_2
lcc
_c
BK